| 000 | 00998cam a22002891a 4500 | ||
|---|---|---|---|
| 001 | agr51000390 | ||
| 003 | DLC | ||
| 005 | 20260227111015.0 | ||
| 008 | 800407s1951 dcuab b f000 0 eng c | ||
| 010 | _aagr51000390 | ||
| 035 | _a(OCoLC)6173627 | ||
| 040 |
_aU.S. Dept. of Agr. Libr. _cWU _dDNAL _dDLC |
||
| 042 | _apremarc | ||
| 043 | _an-us--- | ||
| 050 | 0 | 0 |
_aS21 _b.A74 no. 30 |
| 070 | 0 |
_a1 _bAg84Ab no.30 |
|
| 072 | 0 | _aA000 | |
| 082 | _a630.973 | ||
| 100 | 1 |
_aRaper, Arthur Franklin, _d1899- |
|
| 245 | 1 | 0 |
_aGuide to agriculture, U.S.A. / _cby Arthur F. Raper and Martha J. Raper. |
| 260 |
_aWashington, D.C. : _bOffice of Foreign Agricultural Relations and Bureau of Agricultural Economics, U.S. Dept. of Agriculture, _c[1951]. |
||
| 300 |
_aiii, 82 p. : _bill., maps ; _c26 cm. |
||
| 440 | 0 |
_aAgriculture information bulletin ; _vno. 30 |
|
| 504 | _a"Selected references" : p. 79. | ||
| 650 | 0 |
_aAgriculture _zUnited States. |
|
| 700 | 1 |
_aRaper, Martha J. _q(Martha Jarrell), _d1905- |
|
| 999 |
_c11351 _d11351 |
||